书目信息 |
| 题名: |
牵风记
|
|
| 作者: | 徐怀中, 著 | |
| 分册: | ||
| 出版信息: | 北京 人民文学出版社 2018 |
|
| 页数: | 296页 | |
| 开本: | 22cm | |
| 丛书名: | ||
| 单 册: | ||
| 中图分类: | I247.5 | |
| 科图分类: | ||
| 主题词: | 长篇小说--chang pian xiao shuo--中国--当代 | |
| 电子资源: | ||
| ISBN: | 978-7-02-014824-0 | |
| 000 | 01282nam 2200241 450 | |
| 001 | 202019135173 | |
| 005 | 20191007123107.0 | |
| 010 | @a978-7-02-014824-0@dCNY43.00 | |
| 099 | @aCAL 012019029719 | |
| 100 | @a20191003d2018 em y0chiy50 ea | |
| 101 | 0 | @achi |
| 102 | @aCN@b110000 | |
| 105 | @ay z 000ay | |
| 106 | @ar | |
| 200 | 1 | @a牵风记@Aqian feng ji@f徐怀中著 |
| 210 | @a北京@c人民文学出版社@d2018 | |
| 215 | @a296页@d22cm | |
| 330 | @a投奔延安的青年学生汪可逾,路经“夜老虎团”驻地,因一曲古琴《高山流水》,与团长齐竞相识,成为他部下的一名文化教员。汪可逾聪明灵动、冰清玉洁,齐竞文武双全、儒雅健谈,在浪漫激越的战地恋歌即将奏响之际,却发生了难以预料的突发事件……骑兵通信员曹水儿高大威猛、勇敢果决,为齐竞所看重,也颇受女性青睐。但他时常自我失控,在漫天烽火中上演着一出出 “行军艳遇”,终于酿成了悲剧……在晋冀鲁豫大军千里挺进大别山的战火中,汪可逾、齐竞、曹水儿等人的命运有着怎样的演变?那匹灵性神奇、善解人意的老军马又该如何功德圆满,死而无憾?小说血色唯美,空灵奇崛。既有对战争、人性的深刻思考,也有人与大自然神奇关系的表现,亦真亦幻,拓展了战争文学的创作空间。 | |
| 606 | 0 | @a长篇小说@Achang pian xiao shuo@y中国@z当代 |
| 690 | @aI247.5@v5 | |
| 701 | 0 | @a徐怀中,@Axu huai zhong@f1929-@4著 |
| 801 | 0 | @aCN@c20190905 |
| 905 | @a河南城建学院图书馆@dI247.5@eX729 | |
| 牵风记/徐怀中著.-北京:人民文学出版社,2018 |
| 296页;22cm |
| ISBN 978-7-02-014824-0:CNY43.00 |
| 投奔延安的青年学生汪可逾,路经“夜老虎团”驻地,因一曲古琴《高山流水》,与团长齐竞相识,成为他部下的一名文化教员。汪可逾聪明灵动、冰清玉洁,齐竞文武双全、儒雅健谈,在浪漫激越的战地恋歌即将奏响之际,却发生了难以预料的突发事件……骑兵通信员曹水儿高大威猛、勇敢果决,为齐竞所看重,也颇受女性青睐。但他时常自我失控,在漫天烽火中上演着一出出 “行军艳遇”,终于酿成了悲剧……在晋冀鲁豫大军千里挺进大别山的战火中,汪可逾、齐竞、曹水儿等人的命运有着怎样的演变?那匹灵性神奇、善解人意的老军马又该如何功德圆满,死而无憾?小说血色唯美,空灵奇崛。既有对战争、人性的深刻思考,也有人与大自然神奇关系的表现,亦真亦幻,拓展了战争文学的创作空间。 |
| ● |
| 相关链接 |
|
|
|
正题名:牵风记
索取号:I247.5/X729
 
预约/预借
| 序号 | 登录号 | 条形码 | 馆藏地/架位号 | 状态 | 备注 |
| 1 | 1443702 | 214437028 | 文学库108/108文学库 998排5列2层/ [索取号:I247.5/X729] | 在馆 | |
| 2 | 1443703 | 214437037 | 文学库108/108文学库 998排5列2层/ [索取号:I247.5/X729] | 在馆 | |
| 3 | 1443704 | 214437046 | 文学库108/108文学库 998排5列2层/ [索取号:I247.5/X729] | 在馆 |